000 00288 a2200121 4500
001 64428
082 _a005.133 SCO
090 _c38057
_d38057
100 _aScoll, R.P
245 _aPC Learning Labs Teaches Microsoft Visual Basic 4.0
260 _cBPB Publications
300 _a336p
942 _aCAE NUST
_k005.133 SCO
999 _c299501
_d299501